| 000 -ლიდერი |
| ფიქსირებული სიგრძის საკონტროლო ველი |
01652nam a2200265Ia 4500 |
| 001 - საკონტროლო ნომერი |
| საკონტროლო ველი |
23259 |
| 003 - საკონტროლო ნომრის იდენტიფიკატორი |
| საკონტროლო ველი |
GE_BSU |
| 005 - ბოლო ოპერაციის თარიღი და დრო |
| საკონტროლო ველი |
20251106150457.0 |
| 008 - ფიქსირებული სიგრძის მონაცემთა ელემენტები - ზოგადი ინფორმაცია |
| ფიქსირებული სიგრძის საკონტროლო ველი |
181216s1980||||ge |||||||||||||| ||geo|| |
| 040 ## - კატალოგიზაციის წყარო |
| Transcribing agency |
GE_BSU |
| 041 ## - ენის კოდი |
| Language code of text/sound track or separate title |
geo |
| 080 ## - უნივერსალური ათობითი კლასიფიკაციის ინდექსი |
| Universal Decimal Classification number |
323.1(479.22) + 94(479.22) ბ-48 |
| 100 ## - მთავარი ჩანაწერი - პიროვნების სახელი |
| Personal name |
ბენდიანიშვილი, ალექსანდრე |
| 9 (RLIN) |
5481 |
| 245 ## - ცნობა სათაურის შესახებ |
| Title |
ეროვნული საკითხი საქართველოში, 1801-1921 წწ. / |
| Statement of responsibility, etc |
ალექსანდრე ბენდიანიშვილი ; რედ. : გრ. მარგიანი ; მხატვ. ; საქ. სსრ მეცნ. აკად., ივ. ჯავახიშვილის სახ. ისტორიის, არქეოლ. და ეთნოგრ. ინ-ტი. ; |
| 264 ## - წარმოების, გამოცემის, დისტრიბუციის და სხვა ცნობები |
| გამოცემის, წარმოების, დისტრიბუციის... ადგილი |
თბილისი : |
| გამოცემის, წარმოების, დისტრიბუციის... სახელწოდება |
მეცნიერება, |
| გამოცემის, წარმოების, დისტრიბუციის... თარიღი |
1980. |
| 300 ## - ფიზიკური აღწერა |
| Extent |
275 გვ. ; |
| Dimensions |
22 სმ. |
| 504 ## - BIBLIOGRAPHY, ETC. NOTE |
| Bibliography, etc |
ბიბლიოგრ. ტექსტის შენიშვნ. |
| 520 ## - SUMMARY, ETC. |
| Summary, etc |
რეზ. რუსულ ენაზე |
| 653 ## - INDEX TERM--UNCONTROLLED |
| Uncontrolled term |
ეროვნული საკითხი საქართველოში, 1801-1921 წწ. |
| 700 ## - ADDED ENTRY--PERSONAL NAME |
| Personal name |
მარგიანი, გრ. |
| Relator term |
რედაქრორი |
| 9 (RLIN) |
26168 |
| 700 ## - ADDED ENTRY--PERSONAL NAME |
| Personal name |
ხმალაძე, ვ. |
| Relator term |
მხატვარი |
| 9 (RLIN) |
18022 |
| 710 ## - ADDED ENTRY--CORPORATE NAME |
| Corporate name or jurisdiction name as entry element |
საქ. სსრ მეცნ. აკადემია |
| Subordinate unit |
ივ. ჯავახიშვილის სახ. ისტორიის, არქეოლ. და ეთნოგრ. ინ-ტი |
| 9 (RLIN) |
26169 |
| 942 ## - ADDED ENTRY ELEMENTS (KOHA) |
| Koha item type |
წიგნი |
| Source of classification or shelving scheme |
|